00261nam a2200097Ia 4500008004100000020001800041100001900059245003500078260003200113300001800145180205s9999 xx 000 0 und d a9781138931732 aSclater, Niall aLearning analytics explained / aNew york :bRoutledgec2017 aix, 278 pages